000 nam a22 a 4500
999 _c187259
_d187259
003 BLK
005 20221121133827.0
008 180411b bul|||||r ||||||| ||bul||
040 _aBLK
041 _aBUL
_cBUL
080 _aТеория на функциите - Реални функции, редове и редици, хармонични функции и др.
_b517.5
_x(035)
_z517.5(035)
100 1 _aПроданов, Иван Р.
_eпърви автор
_9288886
139 _aПроданов, Иван Р.
_bП 91
245 1 0 _aЕлементарни функции
_bРъководство за математици
_cИван Р. Проданов.
257 _aBGR
260 _aСофия
_bНар. просв.
_c1978
300 _a264 с.
_c20 см
380 _a5
500 _a3 601 тир.
653 _aматематика
653 7 _aфункции
_9199635
653 _aръководства
852 _aЦб 95408
_bЦб
856 4 _qpdf
_i0.00
_ldisable
856 4 _qpdf
_i0.00
_ldisable
942 _cKNG
_n0
_s1
944 _aCR
_c16.11.2016
_kНаталия_Любомирова
944 _aED
_c16.11.2016
_kНаталия_Любомирова
999 _d187259